Normal view MARC view
  • RICHARD .A.JOHNSON AND DEAN W. WICHERN

Entry Personal Name

Number of records used in: 1

001 - CONTROL NUMBER

  • control field: 4326

003 - CONTROL NUMBER IDENTIFIER

  • control field: OSt

005 - DATE AND TIME OF LATEST TRANSACTION

  • control field: 20180604111336.0

008 - FIXED-LENGTH DATA ELEMENTS

  • fixed length control field: 180604|| aca||aabn | a|a d

040 ## - CATALOGING SOURCE

  • Original cataloging agency: OSt
  • Transcribing agency: OSt

100 ## - HEADING--PERSONAL NAME

  • Personal name: RICHARD .A.JOHNSON AND DEAN W. WICHERN

670 ## - SOURCE DATA FOUND

  • Source citation: Work cat.: (OSt)2969: RICHARD .A.JOHNSON AND DEAN W. WICHERN, Applied Multivariate statistical analysis, 2003